000 00300nam a2200121Ia 4500
008 190216s9999||||xx |||||||||||||| ||und||
100 _aMikhail Sholokhov
245 0 _aVirgin Soil Upturnjed
260 _bPenguin Books
_c1978
300 _a451p
650 _aEnglish Novel-English Novel
942 _cBK
999 _c12041
_d12041